00952nam a22002777a 450000500170000001000150001702000260003203500130005803700130007108200130008410000190009724500970011625000110021326000340022427000720025830000340033050000210036465000240038565000240040965000280043365000180046170000250047994200270050499900170053195201260054820141212121103.0 aENG-111371 a9788120350441c495.00 aEN-94903 bDBAD/PUB a658.4012 aBarney, Jay B. aStrategic management and competitive advantage /cby Jay B. Barney [and] William S. Hesterly a5th ed aNew DelhibPHI Learningc2015 aRimjhim House, 111, Patparganj Industrial EstatebNew Delhie110092 axxi, 373p. :c25cm(pbk)bill. aIncludes indexes aStrategic planning. a Business planning. a Industrial management. a Competition. aHesterly, William S. 2ddccENmBARh658.4012 c90294d90294 001040718NFICaDBADbDBADd2014-11-27eDBAD/PUBg495.00l0o658.4012 BARpEN-94903r2014-11-27 00:00:00t1v495.00yEN